[Event "1516LLO"]
[Site "Mecklenburg-Vorpommern"]
[Date "2016.02.21"]
[Round "6.3"]
[White "Vlach, Michael"]
[Black "Stock, Joachim"]
[Result "0-1"]
[WhiteElo "1613"]
[BlackElo "1606"]
[PlyCount "86"]
[EventType "team-tourn"]
[EventRounds "9"]
[EventCountry "GER"]
[SourceDate "2015.09.20"]
[WhiteTeam "FHSG Stralsund II"]
[BlackTeam "SG Neubrandenburg III"]
[WhiteTeamCountry "GER"]
[BlackTeamCountry "GER"]

1. d4 d5 2. Nf3 Bg4 3. e3 Nf6 4. c4 e6 5. Nc3 c6 6. a3 Be7 7. Be2 Nbd7 8. O-O
O-O 9. Nd2 Bxe2 10. Qxe2 Ne8 11. b3 f5 12. c5 e5 13. dxe5 Nxe5 14. b4 Bf6 15.
Nb3 Nc7 16. Nd4 Qd7 17. Qc2 g6 18. Nce2 Ne6 19. Nxe6 Qxe6 20. Bb2 Rae8 21. Rfd1
Qe7 22. Bd4 Qc7 23. h3 Qg7 24. Ra2 Qh6 25. Kf1 Qg7 26. Kg1 Qd7 27. Nf4 Nc4 28.
Bxf6 Rxf6 29. Rd4 Qf7 30. h4 Re4 31. Qc3 h6 32. g3 g5 33. hxg5 hxg5 34. Nh3 Rg6
35. Kg2 Qe7 36. Qd3 Qe5 37. Rxe4 fxe4 38. Qd4 Qf5 39. Qd1 Rh6 40. Ng1 g4 41.
Qe1 Ne5 42. Qe2 Qh5 43. Qd1 Qh1+ 0-1

[Event "1516LLO"]
[Site "Mecklenburg-Vorpommern"]
[Date "2016.02.21"]
[Round "6.4"]
[White "Peters, Hans Joachim"]
[Black "Jabbusch, Burkhard"]
[Result "1/2-1/2"]
[WhiteElo "1748"]
[BlackElo "1688"]
[PlyCount "140"]
[EventType "team-tourn"]
[EventRounds "9"]
[EventCountry "GER"]
[SourceDate "2015.09.20"]
[WhiteTeam "SG Neubrandenburg III"]
[BlackTeam "FHSG Stralsund II"]
[WhiteTeamCountry "GER"]
[BlackTeamCountry "GER"]

1. e4 c5 2. Nc3 Nc6 3. g3 e6 4. Bg2 Nf6 5. d3 Be7 6. Be3 O-O 7. f4 d6 8. Nf3 d5
9. e5 Nd7 10. Bd2 f6 11. Bh3 f5 12. Bg2 a6 13. Ne2 Ra7 14. c4 d4 15. h4 g6 16.
Ng5 Ndb8 17. Ng1 Bxg5 18. hxg5 Rf7 19. Nf3 Qc7 20. Kf2 Nd7 21. Rh6 Nf8 22. Qc2
b6 23. a3 Rg7 24. Rah1 Nd8 25. Rb1 Bb7 26. b4 Bc6 27. Rhh1 Nd7 28. Rb2 Rf7 29.
Rhb1 Kg7 30. bxc5 bxc5 31. Qd1 Rb7 32. Qc2 Rxb2 33. Qxb2 Re7 34. Qc1 Kf8 35.
Qe1 Nb7 36. Rb2 Rf7 37. Qh1 Nd8 38. Nh4 Bxg2 39. Qxg2 Kg7 40. Qf3 Nc6 41. Ng2
Rf8 42. Qd1 Rb8 43. Qb1 Rxb2 44. Qxb2 Qb6 45. Qxb6 Nxb6 46. Ne1 Kf7 47. Kf3 Ke7
48. Ke2 Kd7 49. Kd1 Kc7 50. Kc2 Kb7 51. Kb3 Kc7 52. Nc2 a5 53. Be1 Kb7 54. Bf2
Kc7 55. Bg1 Kb7 56. Ne1 Kc7 57. Nf3 Kb7 58. Nh2 Kc7 59. Bf2 Kb7 60. Be1 Kc7 61.
Bd2 Kd7 62. g4 Ke7 63. gxf5 exf5 64. Nf3 Ke6 65. Ne1 Ke7 66. Nc2 Ke6 67. Kb2 a4
68. Kc1 Ke7 69. Ne1 Ke6 70. Nf3 Ke7 1/2-1/2

[Event "1516LLO"]
[Site "Mecklenburg-Vorpommern"]
[Date "2016.02.21"]
[Round "6.5"]
[White "Klinger, Clemens"]
[Black "Hollender, Dirk"]
[Result "1-0"]
[WhiteElo "1550"]
[BlackElo "1679"]
[PlyCount "61"]
[EventType "team-tourn"]
[EventRounds "9"]
[EventCountry "GER"]
[SourceDate "2015.09.20"]
[WhiteTeam "FHSG Stralsund II"]
[BlackTeam "SG Neubrandenburg III"]
[WhiteTeamCountry "GER"]
[BlackTeamCountry "GER"]

1. e4 d6 2. d4 g6 3. Nc3 Bg7 4. Nf3 Nf6 5. h3 O-O 6. Bc4 c5 7. Be3 cxd4 8. Bxd4
Nc6 9. Be3 a6 10. a4 Nd7 11. O-O Qc7 12. Nd5 Qd8 13. Rb1 e6 14. Nc3 Nde5 15.
Nxe5 Nxe5 16. Bb3 Qc7 17. Bd4 Rd8 18. f4 Nc6 19. Bxg7 Kxg7 20. Kh1 b6 21. Qd2
Qe7 22. f5 exf5 23. Rbe1 Ne5 24. Nd5 Qb7 25. Qg5 Be6 26. Qf6+ Kg8 27. Ne7+ Kf8
28. Bxe6 Re8 29. Bd5 Qb8 30. exf5 gxf5 31. Rxe5 1-0

[Event "1516LLO"]
[Site "Mecklenburg-Vorpommern"]
[Date "2016.02.21"]
[Round "6.6"]
[White "Mietz, Wolfgang"]
[Black "Loesche, Richard"]
[Result "1-0"]
[WhiteElo "1616"]
[BlackElo "1572"]
[PlyCount "101"]
[EventType "team-tourn"]
[EventRounds "9"]
[EventCountry "GER"]
[SourceDate "2015.09.20"]
[WhiteTeam "SG Neubrandenburg III"]
[BlackTeam "FHSG Stralsund II"]
[WhiteTeamCountry "GER"]
[BlackTeamCountry "GER"]

1. d4 Nf6 2. c4 g6 3. Nc3 d6 4. e4 c6 5. Nf3 Bg7 6. Be2 O-O 7. O-O Bg4 8. Be3
Re8 9. h3 Bxf3 10. Bxf3 e5 11. d5 c5 12. Rb1 Nbd7 13. a3 a5 14. Nb5 Ra6 15. b3
h6 16. Re1 Kh7 17. Re2 Ng8 18. Reb2 Nb6 19. Qc2 Nc8 20. b4 b6 21. Bd2 axb4 22.
axb4 Nf6 23. Qd1 Re7 24. Ra1 Rxa1 25. Qxa1 h5 26. Ra2 Qd7 27. Bg5 Qb7 28. Ra4
Rd7 29. Ra8 Ng8 30. g4 f6 31. Bd2 h4 32. g5 f5 33. Ra4 Nge7 34. Qb1 f4 35. Bg4
Rd8 36. Qa1 Rf8 37. Na7 Qc7 38. f3 Bh8 39. b5 Bg7 40. Be1 Rf7 41. Bxh4 Nf5 42.
exf5 Nxa7 43. f6 Qb8 44. fxg7 Rxg7 45. Kf2 Qc7 46. Be6 Qe7 47. Ra6 Qc7 48. Kg2
Kh8 49. Qb1 Qd8 50. Qa1 Qe7 51. Rxb6 1-0

[Event "1516LLO"]
[Site "Mecklenburg-Vorpommern"]
[Date "2016.02.21"]
[Round "6.7"]
[White "Boettner, Oliver"]
[Black "Gloeckner, Jan"]
[Result "0-1"]
[WhiteElo "1327"]
[BlackElo "1523"]
[PlyCount "94"]
[EventType "team-tourn"]
[EventRounds "9"]
[EventCountry "GER"]
[SourceDate "2015.09.20"]
[WhiteTeam "FHSG Stralsund II"]
[BlackTeam "SG Neubrandenburg III"]
[WhiteTeamCountry "GER"]
[BlackTeamCountry "GER"]

1. e4 d5 2. exd5 Nf6 3. Bc4 Nxd5 4. Nf3 b6 5. Bxd5 Qxd5 6. Nc3 Qh5 7. Qe2 Bb7
8. Nb5 Na6 9. b3 e6 10. Bb2 Qg6 11. Nbd4 O-O-O 12. O-O-O Bd6 13. Rdg1 Nb4 14.
a3 Nd5 15. Nb5 Kb8 16. Ne5 Bxe5 17. Qxe5 Qf6 18. c4 Qxe5 19. Bxe5 a6 20. cxd5
axb5 21. d6 cxd6 22. Bxg7 Rhg8 23. Bf6 Rc8+ 24. Kb2 Bxg2 25. Be7 d5 26. Rxg2
Rxg2 27. Rf1 Kb7 28. h4 e5 29. d3 Re8 30. Bg5 f5 31. Kc1 Re6 32. Kd1 Rc6 33.
Re1 Re6 34. Ke2 h6 35. Kf1 Rg4 36. f3 Rxg5 37. hxg5 hxg5 38. d4 e4 39. fxe4
dxe4 40. Kg2 Kc6 41. Rd1 Kd5 42. Kf2 f4 43. Kg2 g4 44. Rf1 f3+ 45. Kg3 Kxd4 46.
Kxg4 Rf6 47. Kg3 Kd3 0-1

[Event "1516LLO"]
[Site "Mecklenburg-Vorpommern"]
[Date "2016.02.21"]
[Round "6.1"]
[White "Jeske, Holger"]
[Black "Valet, Richard"]
[Result "1/2-1/2"]
[WhiteElo "1870"]
[BlackElo "1953"]
[PlyCount "66"]
[EventType "team-tourn"]
[EventRounds "9"]
[EventCountry "GER"]
[SourceDate "2015.09.20"]
[WhiteTeam "SSC Rostock 07 III"]
[BlackTeam "Greifswalder SV II "]
[WhiteTeamCountry "GER"]
[BlackTeamCountry "GER"]

1. e4 c5 2. f4 Nc6 3. Nf3 g6 4. d4 cxd4 5. Nxd4 Bg7 6. Nxc6 bxc6 7. c3 Nf6 8.
Bd3 Qb6 9. Qe2 Rb8 10. b3 d5 11. e5 Ng4 12. h3 Nh6 13. Be3 Qc7 14. g4 O-O 15.
Qf2 f5 16. g5 Nf7 17. O-O Nxe5 18. fxe5 Bxe5 19. Bd4 Bg3 20. Qg2 f4 21. Bf2
Bxf2+ 22. Rxf2 e5 23. Nd2 Bd7 24. c4 e4 25. Bxe4 dxe4 26. Nxe4 Qe5 27. Re1 Kg7
28. Qf3 Rbe8 29. Rfe2 Qd4+ 30. Qf2 Qxf2+ 31. Nxf2 Rxe2 32. Rxe2 Rf7 33. Kh2 h6
1/2-1/2

[Event "1516LLO"]
[Site "Mecklenburg-Vorpommern"]
[Date "2016.02.21"]
[Round "6.2"]
[White "Schwahn, Christian"]
[Black "Maertin, Heinz"]
[Result "1-0"]
[WhiteElo "1963"]
[BlackElo "1732"]
[PlyCount "74"]
[EventType "team-tourn"]
[EventRounds "9"]
[EventCountry "GER"]
[SourceDate "2015.09.20"]
[WhiteTeam "Greifswalder SV II "]
[BlackTeam "SSC Rostock 07 III"]
[WhiteTeamCountry "GER"]
[BlackTeamCountry "GER"]

1. Nf3 c5 2. c4 Nf6 3. Nc3 d5 4. cxd5 Nxd5 5. g3 Nc6 6. Bg2 Nc7 7. O-O e5 8. d3
Be7 9. Be3 O-O 10. h4 f6 11. a3 Be6 12. Rc1 Nd4 13. Bxd4 cxd4 14. Ne4 b6 15.
Qa4 Nd5 16. Qc6 Qd7 17. Nfd2 Qxc6 18. Rxc6 Bd7 19. Rcc1 Rac8 20. Nc4 Be6 21. f4
b5 22. Ncd6 Rxc1 23. Rxc1 Bxd6 24. Nxd6 exf4 25. Bxd5 Bxd5 26. gxf4 a6 27. Nf5
Re8 28. Nxd4 g6 29. Kf2 f5 30. Rc7 Rb8 31. Rd7 Bf7 32. Nc6 Rb6 33. Ne5 Be6 34.
Re7 Bd5 35. b4 Rd6 36. Rd7 Rxd7 37. Nxd7 Be6 1-0

[Event "1516LLO"]
[Site "Mecklenburg-Vorpommern"]
[Date "2016.02.21"]
[Round "6.3"]
[White "Moritz, Hartmut"]
[Black "Hertel, Johannes"]
[Result "1-0"]
[WhiteElo "1852"]
[BlackElo "1835"]
[PlyCount "99"]
[EventType "team-tourn"]
[EventRounds "9"]
[EventCountry "GER"]
[SourceDate "2015.09.20"]
[WhiteTeam "SSC Rostock 07 III"]
[BlackTeam "Greifswalder SV II "]
[WhiteTeamCountry "GER"]
[BlackTeamCountry "GER"]

1. e4 c5 2. c3 Nf6 3. e5 Nd5 4. d4 cxd4 5. cxd4 d6 6. Nf3 Nc6 7. Qb3 e6 8. Bd2
Qb6 9. Qxb6 Nxb6 10. Nc3 a6 11. Be2 Be7 12. O-O O-O 13. Rac1 Rd8 14. Rfd1 Nd5
15. Nxd5 exd5 16. Bf4 Bg4 17. h3 dxe5 18. dxe5 Be6 19. Be3 d4 20. Nxd4 Nxd4 21.
Bxd4 Bxa2 22. Bb6 Rxd1+ 23. Rxd1 Be6 24. Bf3 Rc8 25. Ba5 h6 26. Bc3 Rc7 27. Be4
g5 28. g3 Bxh3 29. f4 Bg4 30. Rf1 b5 31. Ba5 Rc4 32. Bd5 Bc5+ 33. Kh1 Rc2 34.
f5 Rf2 35. Rxf2 Bxf2 36. e6 fxe6 37. fxe6 Bh5 38. e7+ Kg7 39. Bc3+ Kh7 40. Bc6
Bxg3 41. e8=Q Bxe8 42. Bxe8 b4 43. Bxb4 Be5 44. b3 Bc7 45. Kg2 Kg7 46. Bc3+ Kf8
47. Bh5 Ke7 48. b4 Ke6 49. Be2 a5 50. bxa5 1-0

[Event "1516LLO"]
[Site "Mecklenburg-Vorpommern"]
[Date "2016.02.21"]
[Round "6.4"]
[White "Nauschuetz, Ernst"]
[Black "Menkhaus, Wolf Dieter"]
[Result "1/2-1/2"]
[WhiteElo "1853"]
[BlackElo "1828"]
[PlyCount "80"]
[EventType "team-tourn"]
[EventRounds "9"]
[EventCountry "GER"]
[SourceDate "2015.09.20"]
[WhiteTeam "Greifswalder SV II "]
[BlackTeam "SSC Rostock 07 III"]
[WhiteTeamCountry "GER"]
[BlackTeamCountry "GER"]

1. c4 Nf6 2. g3 c5 3. Bg2 d5 4. cxd5 Nxd5 5. Nf3 Nc6 6. Nc3 Nxc3 7. bxc3 e5 8.
O-O Be7 9. d3 O-O 10. Qb3 Rb8 11. Bb2 Be6 12. Qc2 Qc7 13. a4 Rbc8 14. c4 b6 15.
Bc3 Bd6 16. Qb2 Rce8 17. Nd2 f5 18. e4 f4 19. f3 h5 20. Rfb1 Re7 21. gxf4 Rxf4
22. Nf1 Nd4 23. Nd2 Ref7 24. Rf1 Qe7 25. Rf2 Qh4 26. Raf1 Qg5 27. Kh1 Rh4 28.
Rg1 Qf4 29. Nf1 Bg4 30. Bd2 Qf6 31. Be1 Bxf3 32. Rxf3 Nxf3 33. Bxh4 Nxh4 34.
Ng3 Qg5 35. Qe2 Nxg2 36. Rxg2 h4 37. Nf5 Qf6 38. Qg4 Be7 39. h3 Kf8 40. Qh5 g5
1/2-1/2

[Event "1516LLO"]
[Site "Mecklenburg-Vorpommern"]
[Date "2016.02.21"]
[Round "6.5"]
[White "Herde, Dittmar"]
[Black "Grehl, Tino"]
[Result "1/2-1/2"]
[WhiteElo "1814"]
[BlackElo "1822"]
[PlyCount "92"]
[EventType "team-tourn"]
[EventRounds "9"]
[EventCountry "GER"]
[SourceDate "2015.09.20"]
[WhiteTeam "SSC Rostock 07 III"]
[BlackTeam "Greifswalder SV II "]
[WhiteTeamCountry "GER"]
[BlackTeamCountry "GER"]

1. d4 d5 2. c4 e6 3. Nc3 Nf6 4. Bg5 Be7 5. e3 O-O 6. Nf3 h6 7. Bh4 Ne4 8. Bxe7
Qxe7 9. Qb3 Nxc3 10. bxc3 dxc4 11. Bxc4 Nd7 12. O-O c6 13. e4 b6 14. Rfe1 Bb7
15. Rad1 c5 16. d5 e5 17. Bb5 Rfd8 18. a4 Nf8 19. g3 Bc8 20. Bc6 Bg4 21. Bxa8
Bxf3 22. Rd3 Qf6 23. Bc6 g5 24. Rde3 g4 25. Bb5 Nh7 26. Be2 Bxe2 27. R1xe2 Ng5
28. c4 Qg6 29. Qd3 Rd6 30. f4 gxf3 31. Rxf3 Nxf3+ 32. Qxf3 Rf6 33. Qd3 Qg4 34.
Rf2 Rxf2 35. Kxf2 Qd7 36. Qd1 Qd6 37. Qg4+ Kh7 38. Qc8 Kg7 39. Qc6 Qe7 40. d6
Qf6+ 41. Kg2 Qe6 42. Qc7 Qxc4 43. d7 Qe2+ 44. Kg1 Qe1+ 45. Kg2 Qe2+ 46. Kh3
Qh5+ 1/2-1/2

[Event "1516LLO"]
[Site "Mecklenburg-Vorpommern"]
[Date "2016.02.21"]
[Round "6.6"]
[White "Kriese, Ralf"]
[Black "Hochgraefe, Hans Juergen"]
[Result "1/2-1/2"]
[WhiteElo "1629"]
[BlackElo "1751"]
[PlyCount "43"]
[EventType "team-tourn"]
[EventRounds "9"]
[EventCountry "GER"]
[SourceDate "2015.09.20"]
[WhiteTeam "Greifswalder SV II "]
[BlackTeam "SSC Rostock 07 III"]
[WhiteTeamCountry "GER"]
[BlackTeamCountry "GER"]

1. e4 c5 2. Nf3 d6 3. d4 cxd4 4. Nxd4 Nf6 5. Nc3 g6 6. Be2 Bd7 7. Be3 Nc6 8.
O-O Qc8 9. f3 Bg7 10. Nd5 Nxd5 11. exd5 Nxd4 12. Bxd4 Bxd4+ 13. Qxd4 Qc5 14.
Qxc5 dxc5 15. c4 e6 16. dxe6 Bxe6 17. Rad1 Ke7 18. Rd2 Rhc8 19. a3 Rc7 20. Kf2
a6 21. f4 Rb8 22. Rc1 1/2-1/2

[Event "1516LLO"]
[Site "Mecklenburg-Vorpommern"]
[Date "2016.02.21"]
[Round "6.7"]
[White "Worm, Alfred"]
[Black "Dombrowski, Frank"]
[Result "0-1"]
[WhiteElo "1673"]
[BlackElo "1988"]
[PlyCount "92"]
[EventType "team-tourn"]
[EventRounds "9"]
[EventCountry "GER"]
[SourceDate "2015.09.20"]
[WhiteTeam "SSC Rostock 07 III"]
[BlackTeam "Greifswalder SV II "]
[WhiteTeamCountry "GER"]
[BlackTeamCountry "GER"]

1. e4 c6 2. d4 d5 3. e5 Bf5 4. Bd3 Bxd3 5. Qxd3 e6 6. Nf3 Qa5+ 7. Bd2 Qa6 8.
Qxa6 Nxa6 9. a3 c5 10. c3 Ne7 11. b4 cxd4 12. cxd4 Nc7 13. O-O Rc8 14. Nc3 a6
15. Rfc1 Nc6 16. Na4 Na8 17. Rc2 h6 18. Rac1 Kd7 19. Be3 b6 20. Rc3 Be7 21. Nb2
Na7 22. Nd3 Rxc3 23. Rxc3 Nb5 24. Rb3 Rc8 25. a4 Rc3 26. Rxc3 Nxc3 27. a5 Kc6
28. Bd2 Nb1 29. axb6 Nxd2 30. Nxd2 Kxb6 31. Nb3 Nc7 32. Kf1 Kb5 33. Ke2 Kc4 34.
Na5+ Kb5 35. Nb7 Bxb4 36. Nd8 Bc3 37. Nxf7 Kc4 38. f4 Bxd4 39. g4 a5 40. f5 a4
41. Kd2 a3 42. Nc1 Bb2 43. h4 Bxc1+ 44. Kxc1 Kb3 45. Kb1 a2+ 46. Ka1 Na6 0-1

[Event "1516LLO"]
[Site "Mecklenburg-Vorpommern"]
[Date "2016.02.21"]
[Round "6.8"]
[White "Mueller, Nick"]
[Black "Bardosch, Konstantin"]
[Result "1-0"]
[WhiteElo "2210"]
[BlackElo "1556"]
[PlyCount "57"]
[EventType "team-tourn"]
[EventRounds "9"]
[EventCountry "GER"]
[SourceDate "2015.09.20"]
[WhiteTeam "Greifswalder SV II "]
[BlackTeam "SSC Rostock 07 III"]
[WhiteTeamCountry "GER"]
[BlackTeamCountry "GER"]

1. Nf3 f5 2. g3 Nf6 3. Bg2 e6 4. O-O d5 5. d3 c6 6. Nbd2 Bd6 7. e4 e5 8. exd5
cxd5 9. Nxe5 Bxe5 10. Re1 Nc6 11. Nf3 O-O 12. Nxe5 Re8 13. Bf4 Be6 14. h3 Rc8
15. c3 Qb6 16. Rb1 Qa5 17. a3 h6 18. Qd2 Kh7 19. Re2 Qb5 20. Rbe1 Na5 21. b4
Nb3 22. Qb2 g5 23. Bxg5 hxg5 24. Qxb3 Rc7 25. Nf3 Bg8 26. Rxe8 Nxe8 27. Nxg5+
Kh6 28. Nf3 Qxd3 29. Rxe8 1-0

[Event "1516LLO"]
[Site "Mecklenburg-Vorpommern"]
[Date "2016.02.21"]
[Round "6.1"]
[White "Windjaeger, Gerd"]
[Black "Voelschow, Siegfried"]
[Result "1/2-1/2"]
[WhiteElo "1939"]
[BlackElo "1948"]
[PlyCount "29"]
[EventType "team-tourn"]
[EventRounds "9"]
[EventCountry "GER"]
[SourceDate "2015.09.20"]
[WhiteTeam "SV Gryps"]
[BlackTeam "SV Waterkant Saal"]
[WhiteTeamCountry "GER"]
[BlackTeamCountry "GER"]

1. d4 Nf6 2. Nf3 d5 3. e3 e6 4. Bd3 c5 5. c3 Nbd7 6. Nbd2 b6 7. O-O Bb7 8. Qe2
Ne4 9. Ne5 Bd6 10. Nxd7 Qxd7 11. Nxe4 dxe4 12. Bb5 Bc6 13. a4 O-O 14. b3 Qb7
15. Bb2 1/2-1/2

[Event "1516LLO"]
[Site "Mecklenburg-Vorpommern"]
[Date "2016.02.21"]
[Round "6.2"]
[White "Schwarz, Eckhard"]
[Black "Wagner, Swenja"]
[Result "1/2-1/2"]
[WhiteElo "1861"]
[BlackElo "1709"]
[PlyCount "83"]
[EventType "team-tourn"]
[EventRounds "9"]
[EventCountry "GER"]
[SourceDate "2015.09.20"]
[WhiteTeam "SV Waterkant Saal"]
[BlackTeam "SV Gryps"]
[WhiteTeamCountry "GER"]
[BlackTeamCountry "GER"]

1. c4 c5 2. Nc3 Nc6 3. g3 g6 4. Bg2 Bg7 5. Nf3 Nf6 6. O-O d6 7. d3 O-O 8. Bd2
Bd7 9. h3 Qc8 10. Kh2 a6 11. Qc1 h5 12. Bh6 Rb8 13. a4 Na5 14. Bxg7 Kxg7 15.
Qc2 Qc7 16. Nd2 b5 17. axb5 axb5 18. cxb5 Bxb5 19. Nxb5 Rxb5 20. f4 Rfb8 21.
Ra2 Nc6 22. Bxc6 Qxc6 23. e4 d5 24. e5 Nd7 25. Rfa1 R8b6 26. Qc3 e6 27. b3 Nb8
28. g4 hxg4 29. hxg4 Na6 30. d4 Nb4 31. Ra7 cxd4 32. Qh3 Qc2 33. Rxf7+ Kxf7 34.
Qh7+ Ke8 35. Qg8+ Kd7 36. Qg7+ Kd8 37. Qg8+ Kd7 38. Qf7+ Kd8 39. Qf8+ Kd7 40.
Qf7+ Kd8 41. Qf8+ Kd7 42. Qf7+ 1/2-1/2

[Event "1516LLO"]
[Site "Mecklenburg-Vorpommern"]
[Date "2016.02.21"]
[Round "6.3"]
[White "Sadewasser, Lucie"]
[Black "Wiese, Frank"]
[Result "0-1"]
[WhiteElo "1552"]
[BlackElo "1887"]
[PlyCount "90"]
[EventType "team-tourn"]
[EventRounds "9"]
[EventCountry "GER"]
[SourceDate "2015.09.20"]
[WhiteTeam "SV Gryps"]
[BlackTeam "SV Waterkant Saal"]
[WhiteTeamCountry "GER"]
[BlackTeamCountry "GER"]

1. e4 g6 2. Nc3 Bg7 3. f4 d6 4. Nf3 a6 5. d3 e6 6. g3 b5 7. Bg2 Bb7 8. Qe2 Ne7
9. Nd1 Nd7 10. c3 c5 11. Bd2 O-O 12. g4 Nf6 13. Ng1 Qc7 14. h4 h5 15. gxh5 Nxh5
16. Qf2 d5 17. e5 d4 18. Bxb7 Qxb7 19. Qf3 Qd7 20. cxd4 cxd4 21. Ne2 Nf5 22.
Nf2 Rac8 23. Ne4 Rc2 24. Rb1 Qd5 25. a3 Qb3 26. Nc1 Qd5 27. Bb4 Rfc8 28. Bd2
Bf8 29. Qxh5 gxh5 30. Nf6+ Kh8 31. Nxd5 exd5 32. Rh3 Be7 33. Ne2 Kh7 34. Kd1
R2c6 35. Rc1 Rxc1+ 36. Bxc1 Rg8 37. Rh2 Rg4 38. Bd2 Bxh4 39. Rh1 Kg6 40. Be1
Bxe1 41. Kxe1 Ng3 42. Rg1 Nxe2 43. Rxg4+ hxg4 44. Kxe2 Kf5 45. Kf2 Kxf4 0-1

[Event "1516LLO"]
[Site "Mecklenburg-Vorpommern"]
[Date "2016.02.21"]
[Round "6.4"]
[White "Onasch, Gunnar"]
[Black "Springer, Guido"]
[Result "1/2-1/2"]
[WhiteElo "1782"]
[BlackElo "1743"]
[PlyCount "55"]
[EventType "team-tourn"]
[EventRounds "9"]
[EventCountry "GER"]
[SourceDate "2015.09.20"]
[WhiteTeam "SV Waterkant Saal"]
[BlackTeam "SV Gryps"]
[WhiteTeamCountry "GER"]
[BlackTeamCountry "GER"]

1. d4 Nf6 2. c4 c5 3. d5 b5 4. cxb5 a6 5. Na3 axb5 6. Nxb5 Ba6 7. Nc3 g6 8. e4
Bxf1 9. Kxf1 d6 10. f4 Nbd7 11. Nf3 Bg7 12. Nd2 Qa5 13. Qe2 Nb6 14. Nc4 Nxc4
15. Qxc4 O-O 16. Kf2 Rfb8 17. Re1 Nd7 18. a3 Bd4+ 19. Kf1 Nb6 20. Qd3 Na4 21.
Nxa4 Qxa4 22. Ra2 Rb3 23. Qe2 Rab8 24. e5 dxe5 25. fxe5 Qd7 26. Qe4 Qb5+ 27.
Qe2 Qd7 28. Qe4 1/2-1/2

[Event "1516LLO"]
[Site "Mecklenburg-Vorpommern"]
[Date "2016.02.21"]
[Round "6.5"]
[White "Hollatz, Michael"]
[Black "Richter, Frank"]
[Result "1/2-1/2"]
[WhiteElo "1767"]
[BlackElo "1711"]
[PlyCount "40"]
[EventType "team-tourn"]
[EventRounds "9"]
[EventCountry "GER"]
[SourceDate "2015.09.20"]
[WhiteTeam "SV Gryps"]
[BlackTeam "SV Waterkant Saal"]
[WhiteTeamCountry "GER"]
[BlackTeamCountry "GER"]

1. e4 b6 2. d4 Bb7 3. Bd3 e6 4. Nf3 d6 5. c3 Be7 6. Be3 Nd7 7. Nbd2 Ngf6 8. Qc2
e5 9. h3 O-O 10. a4 a5 11. Nc4 exd4 12. Bxd4 h6 13. O-O-O Nc5 14. Bxc5 bxc5 15.
Ne3 Nd7 16. Rhg1 Bg5 17. Qd2 Bc6 18. Bc2 Qe7 19. Nxg5 Qxg5 20. Nd5 Qxd2+
1/2-1/2

[Event "1516LLO"]
[Site "Mecklenburg-Vorpommern"]
[Date "2016.02.21"]
[Round "6.6"]
[White "Nickel, Reimo"]
[Black "Decker, Lutz"]
[Result "1-0"]
[WhiteElo "1743"]
[BlackElo "1060"]
[PlyCount "59"]
[EventType "team-tourn"]
[EventRounds "9"]
[EventCountry "GER"]
[SourceDate "2015.09.20"]
[WhiteTeam "SV Waterkant Saal"]
[BlackTeam "SV Gryps"]
[WhiteTeamCountry "GER"]
[BlackTeamCountry "GER"]

1. d4 Nf6 2. c4 d5 3. Nf3 b6 4. Ne5 e6 5. Bg5 Bd6 6. e3 O-O 7. cxd5 Nbd7 8.
Nxd7 Bxd7 9. dxe6 fxe6 10. Bc4 c6 11. Nd2 Qc7 12. Bxf6 Rxf6 13. Ne4 Bb4+ 14.
Nc3 Raf8 15. f4 c5 16. d5 exd5 17. Qxd5+ Kh8 18. O-O-O Be6 19. Qd3 Bg4 20. Nd5
Qd6 21. Nxf6 Qxf6 22. Qd6 Bxd1 23. Qxf6 gxf6 24. Rxd1 Re8 25. Rd3 Re7 26. Kd1
Kg7 27. Ke2 Re4 28. Rd7+ Kh6 29. Bd3 Re8 30. Rxh7# 1-0

[Event "1516LLO"]
[Site "Mecklenburg-Vorpommern"]
[Date "2016.02.21"]
[Round "6.7"]
[White "Bohndorf, Tobias"]
[Black "Ehmann, Roland"]
[Result "1/2-1/2"]
[WhiteElo "1083"]
[BlackElo "1554"]
[PlyCount "56"]
[EventType "team-tourn"]
[EventRounds "9"]
[EventCountry "GER"]
[SourceDate "2015.09.20"]
[WhiteTeam "SV Gryps"]
[BlackTeam "SV Waterkant Saal"]
[WhiteTeamCountry "GER"]
[BlackTeamCountry "GER"]

1. e4 e6 2. d4 d5 3. exd5 exd5 4. Bd3 Nf6 5. Nf3 Be7 6. Bf4 O-O 7. O-O Bg4 8.
Nbd2 Nbd7 9. Re1 Re8 10. Qc1 Nh5 11. Be3 Bd6 12. h3 Be6 13. Qd1 Nf4 14. Bxf4
Bxf4 15. b3 Qf6 16. c4 c5 17. cxd5 Bxd5 18. dxc5 Nxc5 19. Bb5 Rxe1+ 20. Qxe1
Rd8 21. Rd1 h6 22. Bc4 Bc6 23. Qe2 Re8 24. Qf1 Bc7 25. Bb5 Rd8 26. Bxc6 Qxc6
27. Nc4 Re8 28. Re1 Ne6 1/2-1/2

[Event "1516LLO"]
[Site "Mecklenburg-Vorpommern"]
[Date "2016.02.21"]
[Round "6.8"]
[White "Nickel, Udo"]
[Black "Wagner, Tino"]
[Result "1-0"]
[WhiteElo "1662"]
[BlackElo "996"]
[PlyCount "97"]
[EventType "team-tourn"]
[EventRounds "9"]
[EventCountry "GER"]
[SourceDate "2015.09.20"]
[WhiteTeam "SV Waterkant Saal"]
[BlackTeam "SV Gryps"]
[WhiteTeamCountry "GER"]
[BlackTeamCountry "GER"]

1. d4 Nf6 2. c4 g6 3. Nc3 Bg7 4. e4 d6 5. Nf3 O-O 6. Be2 c6 7. h3 Re8 8. O-O
Qc7 9. Bf4 c5 10. d5 Nh5 11. Bh2 e5 12. dxe6 Bxe6 13. Rb1 Nc6 14. Bxd6 Qa5 15.
Qb3 b6 16. Nb5 Rac8 17. Rfd1 Nf6 18. e5 Nd7 19. Nc7 Red8 20. Nxe6 fxe6 21. a3
Ncxe5 22. Bxe5 Nxe5 23. Nxe5 Bxe5 24. Rxd8+ Rxd8 25. Qe3 Bc7 26. Qxe6+ Kf8 27.
Qf6+ Kg8 28. Bf3 Qd2 29. Bd5+ Rxd5 30. Qe6+ Kf8 31. Qxd5 Qxd5 32. cxd5 Ke7 33.
a4 a5 34. b3 Kd6 35. Rd1 Bd8 36. f4 Bf6 37. Kf2 h6 38. Kf3 Bd4 39. Ke4 Bf6 40.
g4 Bg7 41. h4 Bf6 42. Rh1 h5 43. gxh5 gxh5 44. Rg1 Bxh4 45. Rg6+ Kc7 46. Rh6
Be1 47. Rxh5 Bc3 48. Rh6 Kb7 49. f5 1-0

[Event "1516LLO"]
[Site "Mecklenburg-Vorpommern"]
[Date "2016.02.21"]
[Round "6.1"]
[White "Reinke, Thomas"]
[Black "Burwitz, Joerg"]
[Result "1/2-1/2"]
[WhiteElo "1886"]
[BlackElo "1743"]
[PlyCount "64"]
[EventType "team-tourn"]
[EventRounds "9"]
[EventCountry "GER"]
[SourceDate "2015.09.20"]
[WhiteTeam "SV Motor Wolgast"]
[BlackTeam "SV Rugia Bergen"]
[WhiteTeamCountry "GER"]
[BlackTeamCountry "GER"]

1. e4 c6 2. d4 d5 3. Nc3 dxe4 4. Nxe4 Nf6 5. Nxf6+ exf6 6. Nf3 Bd6 7. Bc4 O-O
8. O-O Bg4 9. c3 Qc7 10. h3 Bxf3 11. Qxf3 Nd7 12. Bd2 Rad8 13. Rae1 Rfe8 14. b4
a6 15. Re3 Nf8 16. Rfe1 Qd7 17. Rxe8 Rxe8 18. Rxe8 Qxe8 19. g3 Qd7 20. Kg2 Ng6
21. Be3 h6 22. h4 Ne7 23. g4 Bc7 24. Bf4 Bxf4 25. Qxf4 Nd5 26. Qf3 Qd6 27. Qe4
Qe6 28. Bxd5 Qxd5 29. Qxd5 cxd5 30. a4 Kf8 31. f3 g5 32. h5 b5 1/2-1/2